|
|
|
|
| LEADER |
00000nas a2200000 i 4500 |
| 001 |
ssj0001072245 |
| 003 |
WaSeSS |
| 005 |
20200512172242.0 |
| 006 |
m d |
| 007 |
cr n |
| 008 |
131223c20uu9999mdud| n|s|||||| |0eng d |
| 035 |
|
|
|a (WaSeSS)ssj0001072245
|
| 040 |
|
|
|a WaSeSS
|b eng
|c WaSeSS
|d WaSeSS
|
| 043 |
|
|
|a n-us---
|
| 050 |
1 |
4 |
|a HG1662.U6
|
| 245 |
0 |
0 |
|a Federal Deposit Insurance Corporation documents and publications
|h [electronic resource].
|
| 260 |
|
|
|a Greenbelt, Maryland :
|b Federal Information & News Dispatch
|
| 310 |
|
|
|a Daily
|
| 506 |
|
|
|a License restrictions may limit access.
|
| 588 |
|
|
|a Description based on: June 11, 2010; title from title screen (ProQuest, viewed Dec. 19, 2013).
|
| 588 |
|
|
|a Latest issue consulted: December 18, 2013 (viewed Dec. 19, 2013).
|
| 610 |
2 |
0 |
|a Federal Deposit Insurance Corporation
|v Newspapers.
|
| 650 |
|
0 |
|a Deposit insurance
|z United States
|v Newspapers.
|
| 650 |
|
0 |
|a Banks and banking
|z United States
|v Newspapers.
|
| 655 |
|
0 |
|a Electronic journals.
|
| 856 |
4 |
0 |
|z Full text available from Research Library: 06/11/2010 to present
|u https://search.proquest.com/publication/237721
|